• 首页
  • 本馆介绍
  • 公告通知
  • 最新文献
  • 馆藏检索
  • 电子资源
  • 读者导购
  • 参考咨询
  • 我的图书馆
  • 登录
  • 详细信息显示
  • 放入我的书架
  • 预约/预借图书
  • 作者相关作品
  • 分类相关作品
  • 丛书相关作品
  • 出版社相关作品

书目信息

  • 表格格式
  • 工作单格式
  • 卡片格式
题名:
为了更好的学习
    
 
作者: ;窦卫霖 译 ;经济合作与发展组织 编
分册:  
出版信息: 上海   上海教育出版社  2019
页数: 608页
开本: 28cm
丛书名:
单 册:
中图分类: G40-058.1
科图分类:
主题词: 教育评估--jiao yu ping gu--研究报告--世界
电子资源:
ISBN: 978-7-5444-9092-4
000 01135nam0 2200289 450
001 012001001119
005 20131026102543.0
010    @a978-7-5444-9092-4@dCNY298.00
099    @aCAL 012019083479
100    @a20190627d2019 em y0chiy50 ea
101 1  @achi@ceng
102    @aCN@b310000
105    @aa a 000yy
106    @ar
200 1  @a为了更好的学习@Awei le geng hao de xue xi@e教育评价的国际新视野@d= Synergies for better learning@ean international perspective on evaluation and assessment@f经济合作与发展组织编@g窦卫霖等译@zeng
210    @a上海@c上海教育出版社@d2019
215    @a608页@c图@d28cm
300    @aOECD教育评估和测试评论
320    @a有书目
500 10 @aSynergies for better learning : an international perspective on evaluation and assessment@mChinese
517 1  @a教育评价的国际新视野@Ajiao yu ping jia de guo ji xin shi ye
606 0  @a教育评估@Ajiao yu ping gu@x研究报告@y世界
690    @aG40-058.1@v5
702  0 @a窦卫霖@Adou wei lin@4译
711 02 @a经济合作与发展组织@Ajing ji he zuo yu fa zhan zu zhi@4编
801  0 @aCN@b上海新华@c20191020
905    @b1222620-3@dG40-058.1@e1061@f4
    
    为了更好的学习:教育评价的国际新视野= Synergies for better learning:an international perspective on evaluation and assessment/经济合作与发展组织编/窦卫霖等译.-上海:上海教育出版社,2019
    608页:图;28cm
    OECD教育评估和测试评论
    
    ISBN 978-7-5444-9092-4:CNY298.00
    
●
相关链接 在E读中查询图书 在五车中查询图书 在当当中查询图书 在豆瓣中查询图书


正题名:为了更好的学习     索取号:G40-058.1/1061         预约/预借

序号 登录号 条形码 馆藏地/架位号 状态 备注
1 1222620   212226205   第一样本阅览室/ [索取号:G40-058.1/1061] 在馆    
2 1222621   212226214   教育系资料室/ [索取号:G40-058.1/1061] 在馆    
3 1222622   212226223   教育系资料室/ [索取号:G40-058.1/1061] 在馆    
4 1222623   212226232   第四借阅区/ [索取号:G40-058.1/1061] 在馆    
唐山师范学院图书馆 欢迎您!
大连网信软件有限公司© 版权所有